Hawking and the mind of God
Kaydedildi:
| Yazar: | |
|---|---|
| Materyal Türü: | Kitap |
| Dil: | İspanyolca |
| Baskı/Yayın Bilgisi: |
Londres
Icon Books
2000
|
| Edisyon: | 1a. ed |
| Seri Bilgileri: | Postmodern Encounters
|
| Konular: | |
| Etiketler: |
Etiketle
Etiket eklenmemiş, İlk siz ekleyin!
|
MARC
| LEADER | 00000nam a2200000 a 4500 | ||
|---|---|---|---|
| 001 | UCJ9281 | ||
| 003 | CL-VaPUC | ||
| 008 | 070309e20000000uk |||||||||||||||||spa|d | ||
| 020 | |a 1840461241 | ||
| 082 | 0 | 4 | |a 530.1 |b COL |2 21 |
| 100 | 0 | |a Coles, Peter |e author |9 519248 | |
| 245 | 1 | 0 | |a Hawking and the mind of God |
| 250 | |a 1a. ed | ||
| 300 | |a 74 p | ||
| 942 | |c BK | ||
| 945 | |d 20070309 00:00:00 |a lvergara | ||
| 260 | |a Londres |b Icon Books |c 2000 | ||
| 600 | 0 | 7 | |a HAWKING, STEPHEN W |2 CL-VaPUC |9 321623 |
| 650 | 0 | |a Física |9 227844 | |
| 650 | 7 | |a CONOCIMIENTO |2 CL-VaPUC |9 308991 | |
| 650 | 7 | |a TEORIA DE LA RELIGION |2 CL-VaPUC |9 519249 | |
| 650 | 0 | |a Religión y ciencia |9 314470 | |
| 583 | |a last modification |c 20171017 06:01:48 |k Rodrigo Vera | ||
| 490 | 0 | |a Postmodern Encounters | |
| 999 | |c 324859 |d 324857 | ||
| 952 | |0 0 |1 0 |4 0 |6 530_100000000000000_COL_2000 |7 0 |8 A |9 405235 |a BIBCUR |b BIBCUR |d 2019-11-22 |i 4309081 |o 530.1 COL 2000 |p 4309081 |r 2025-04-22 |w 2019-11-22 |y BK |k FIS | ||